Jyväskylän yliopiston ainejärjestöt - Statistics

Yleistilastot
  • Tätä visaa on pelattu 58 kertaa
  • Keskiarvotulos 22 / 57
Vastaustilastot
Opintosuunta Järjestö % Oikein
Fokus, Mephisto, Sporticus musta
81%
Magna Carta, Tosine, Pedago, Sputnik, Parku punainen
79%
Radikaali, Pörssi valkoinen
77%
Stimulus keltainen
74%
kauppatieteet Pörssi
74%
Viito!, ESN, Sane sininen
67%
tietojärjestelmätiede, kognitiotiede ja kyberturvallisuus Dumppi
65%
Corpus vaalean violetti
58%
liikunta- ja terveystieteet Sporticus
56%
psykologia Stimulus
56%
tietotekniikka Linkki Jyväskylä
53%
Emile oranssi
53%
luokanopettaja Pedago
53%
Abakus, Lööppi, Syrinx, Varkaat, Nefa tummanvihreä
53%
matematiikka ja fysiikka Ynnä
51%
Tiltti violetti
49%
Puolue, Ynnä tummansininen
47%
varhaiskasvatus Varkaat
47%
journalistiikka Lööppi
44%
musiikkikasvatus Pedaali
44%
kemia Radikaali
44%
ruotsin kieli Svenska Klubben
44%
kasvatustiede ja aikuiskasvatustiede Emile
42%
saksan kieli Sturm und Drang
42%
Dumppi viininpunainen
42%
yhteiskuntapolitiikka, sosiologia ja sosiaalityö Fokus
40%
englannin kieli Magna Carta
40%
tieto- ja ohjelmistotekniikka, teknologiajohtaminen Algo
37%
filosofia Mephisto
37%
valtio-oppi Puolue
37%
bio- ja ympäristötieteet Syrinx
37%
erityispedagogiikka Abakus
33%
romaaninen filologia Astérix
33%
Interventio vaaleansininen
33%
tilastotiede Tiltti
30%
suomalainen viittomakieli Viito!
30%
kognitiotiede Cogito
28%
aineenopettajaopiskelijat Jano
28%
puheviestintä Parku
28%
suomen kieli Sane
28%
venäjän kieli Sputnik
28%
sosiaalityö Interventio
26%
historia Tosine
26%
kirjallisuus, museologia, taidehistoria ja taidekasvatus Corpus
23%
Svenska Klubben kelta-sininen
23%
Taberna Latina, IDESCO, Jano, Lanka ei haalareita
21%
vaihto-opiskelijat Erasmus Student Network
21%
kielten ja viestintätieteiden kattojärjestö Lingviestit
21%
Algo vaaleanpuna-musta
21%
Trioli, Pedaali kelta-musta
19%
Linkki sini-musta
19%
musiikkitiede Trioli
19%
etnologia, antropologia ja kulttuuripolitiikka Nefa-Jyväskylä
16%
latinan kieli Taberna Latina
16%
Astérix puna-sininen
14%
kansainväliset maisteriohjelmat IDESCO
12%
language, globalization and intercultural communication Lanka
12%
Ehtoja vastaavia visoja ei löytynyt
Tulosjakauma
Jokaisen tuloksen saaneiden osuus
Persentiili vastausten määrän mukaan
Tuloshistoriasi
Et ole pelannut tätä visaa